|
|
|
|
| LEADER |
00000cam a2200000 7i4500 |
| 001 |
0000059134 |
| 005 |
20160125.0 |
| 008 |
160125 |
| 020 |
|
|
|a 9789670201283
|
| 090 |
0 |
0 |
|a 909.07
|b ARM
|
| 100 |
1 |
|
|a Armstrong, Karen
|
| 245 |
1 |
0 |
|a Perang suci :
|b kisah lengkap Perang Salib, akar penggerak dan kesannya pada zaman sekarang
|c Karen Armstrong
|
| 260 |
|
|
|a Selangor :
|b JS Adiwarna Pub. & Dist. Sdn. Bhd ,
|c 2011
|
| 300 |
|
|
|a 922 p. :
|b ill. col. ;
|c 23 cm.
|
| 650 |
|
0 |
|a Crusades
|
| 650 |
|
0 |
|a Crusades
|x Influence
|
| 999 |
|
|
|a 0001379896
|b Book
|c Adult Collection
|e Perbadanan Perpustakaan Awam Johor
|
| 999 |
|
|
|a 0001379897
|b Book
|c Adult Collection
|e Cawangan Urban Transformation Centre
|
| 999 |
|
|
|a 0001379898
|b Book
|c Adult Collection
|e Cawangan AEON Kulaijaya
|
| 999 |
|
|
|a 0001381281
|b Book
|c Adult Collection
|e Cawangan Pontian
|
| 999 |
|
|
|a 0001381282
|b Book
|c Adult Collection
|e Cawangan Kota Tinggi
|
| 999 |
|
|
|a 0001381283
|b Book
|c Adult Collection
|e Cawangan Tmn. Ungku Tun Aminah
|
| 999 |
|
|
|a 0001381285
|b Book
|c Adult Collection
|e Cawangan Sri Merlong
|
| 999 |
|
|
|a 0001381286
|b Book
|c Adult Collection
|e Cawangan Bukit Gambir
|
| 999 |
|
|
|a 0001381287
|b Book
|c Adult Collection
|e Cawangan Bandar Penawar
|
| 999 |
|
|
|a 0001381288
|b Book
|c Adult Collection
|e Cawangan Mersing
|
| 999 |
|
|
|a 0001381289
|b Book
|c Adult Collection
|e Cawangan Taman Sri Lambak
|
| 999 |
|
|
|a 0001381290
|b Book
|c Adult Collection
|e Cawangan Batu Pahat
|
| 999 |
|
|
|a 0001381291
|b Book
|c Adult Collection
|e Cawangan Segamat
|
| 999 |
|
|
|a 0001381292
|b Book
|c Adult Collection
|e Cawangan Bandar Tenggara
|
| 999 |
|
|
|a 0001381293
|b Book
|c Adult Collection
|e Cawangan Tangkak
|
| 999 |
|
|
|a 0001391290
|b Book
|c Adult Collection
|e Cawangan Batu Pahat
|